Name the Disney Princesses - By Pictures - Statistics

General Stats
  • This quiz has been taken 143 times
  • The average score is 13 of 14
Answer Stats
Picture Answer % Correct
Elsa
96%
Moana
96%
Snow White
96%
Belle
95%
Cinderella
95%
Jasmine
95%
Pocahontas
95%
Rapunzel
95%
Mulan
94%
Anna
89%
Merida
89%
Aurora
88%
Ariel
87%
Tiana
83%
No matching quizzes found
Score Distribution
Percent of People with Each Score
Percentile by Number Answered
Your Score History
You have not taken this quiz